| 000 | 00445nam a22001337a 4500 | ||
|---|---|---|---|
| 005 | 20260330090612.0 | ||
| 008 | 260330b |||||||| |||| 00| 0 eng d | ||
| 020 | _a9783298569 | ||
| 100 | _aIke E. Emeka | ||
| 245 |
_aFundamental Principles of University Physics: Electromagnetism and Modern Physics _c/Emeka E. Ike |
||
| 260 |
_aJos, Nigeria; _bEnic Education Consultants and Publishers; _c2008 |
||
| 300 |
_ax,472p.ill; _c20.5cm |
||
| 942 |
_2ddc _cBK _n0 |
||
| 999 |
_c208 _d208 |
||